Star Wars Titles - Statistics

General Stats
  • This quiz has been taken 10 times
  • The average score is 14 of 19
Answer Stats
Release Date Media Answer % Correct
1977 Film A New Hope
100%
1983 Film Return of the Jedi
100%
1980 Film The Empire Strikes Back
100%
2002 Film Attack of the Clones
89%
2005 Film Revenge of the Sith
89%
2018 Film Solo
89%
2015 Film The Force Awakens
89%
1999 Film The Phantom Menace
89%
2008 Animated Series The Clone Wars
78%
2017 Film The Last Jedi
78%
2019 Film The Rise of Skywalker
78%
2016 Film Rogue One
67%
2008 Animated Film The Clone Wars
67%
2019 Live-Action Series The Mandalorian
67%
2014 Animated Series Rebels
56%
1985 Animated Series Droids
33%
1985 Animated Series Ewoks
33%
2018 Animated Series Resistance
33%
2021 Animated Series The Bad Batch
33%
No matching quizzes found
Score Distribution
Percent of People with Each Score
Percentile by Number Answered
Your Score History
You have not taken this quiz